Landen met een letter - RR+ - Statistieken

Algemene statistieken
  • Deze quiz is 182 keer genomen
    165 sinds de laatste reset
  • De gemiddelde score is 5 van 9
Antwoordstatistieken
Categorie Land % Correct
2 x R Verenigd Koninkrijk
83%
3 x R Verenigde Arabische Emiraten
77%
3 x R Centraal-Afrikaanse Republiek
74%
2 x R Democratische Republiek Congo
69%
2 x R Andorra
51%
2 x R Frankrijk
51%
2 x R Eritrea
49%
2 x R Noord-Korea
40%
2 x R Sierra Leone
37%
Geen overeenkomende quizzen gevonden
Scoreverdeling
Procent van Mensen met Elke Score
Percentiel versus Aantal Correcte Antwoorden
Uw Scoregeschiedenis
U heeft deze quiz nog niet genomen sinds de laatste reset